• 首页
  • 本馆介绍
  • 公告通知
  • 最新文献
  • 馆藏检索
  • 电子资源
  • 读者导购
  • 参考咨询
  • 我的图书馆
  • 登录
  • 详细信息显示
  • 放入我的书架
  • 预约/预借图书
  • 作者相关作品
  • 分类相关作品
  • 丛书相关作品
  • 出版社相关作品

书目信息

  • 表格格式
  • 工作单格式
  • 卡片格式
题名:
化学动力学基础
    
 
作者: 韩德刚 , 高盘良 编著
分册:  
出版信息: 北京   北京大学出版社  1987
页数: 365页
开本: 20cm
丛书名: 北京大学物理化学丛书
单 册:
中图分类: O643.1
科图分类:
主题词: 物理化学 , 反应动力学
电子资源:
ISBN: 7-301-00472-9
000 00700nam0 2200241 45
001 0306170922
005 20031219104111.2
010    @a7-301-00472-9@dCNY18.00
100    @a20030617d1987 km y0chiy0120 ea
101 0  @achi
105    @a z 000yy
200 1  @a化学动力学基础@AHua Xue Dong Li Xue Ji Chu@f韩德刚,高盘良编著@FHan De Gang,Gao Pan Liang Bian Zhu
210    @a北京@c北京大学出版社@d1987
215    @a365页@d20cm
225    @a北京大学物理化学丛书
410    @12001 @a北京大学物理化学丛书
606 0  @a物理化学
606 0  @a反应动力学
690    @aO643.1@v4
701  0 @a韩德刚@4编著
701  0 @a高盘良@4编著
801    @aCN@bTSTC@c20030617
905    @b324313-317@dO643.1@e35@f5
    
    化学动力学基础/韩德刚,高盘良编著.-北京:北京大学出版社,1987
    365页;20cm.-(北京大学物理化学丛书)
    
    
    ISBN 7-301-00472-9:CNY18.00
    
●
相关链接 在E读中查询图书 在五车中查询图书 在当当中查询图书 在豆瓣中查询图书


正题名:化学动力学基础     索取号:O643.1/35         预约/预借

序号 登录号 条形码 馆藏地/架位号 状态 备注
1 0324313   203243132   第三借阅区/ [索取号:O643.1/35] 在馆    
2 0324314   203243141   第三借阅区/ [索取号:O643.1/35] 在馆    
3 0324315   203243150   第三借阅区/ [索取号:O643.1/35] 在馆    
4 0324316   203243169   第三借阅区/ [索取号:O643.1/35] 在馆    
5 0324317   203243178   第二样本阅览室/ [索取号:O643.1/35] 在馆    
欢迎您!
大连网信软件有限公司© 版权所有